<?xml version="1.0" encoding="UTF-8"?>
<record
    xmlns:xsi="http://www.w3.org/2001/XMLSchema-instance"
    xsi:schemaLocation="http://www.loc.gov/MARC21/slim http://www.loc.gov/standards/marcxml/schema/MARC21slim.xsd"
    xmlns="http://www.loc.gov/MARC21/slim">

  <leader>00553    a2200193   4500</leader>
  <datafield tag="020" ind1=" " ind2=" ">
    <subfield code="a">0534408427</subfield>
  </datafield>
  <datafield tag="020" ind1=" " ind2=" ">
    <subfield code="a">0534423981</subfield>
  </datafield>
  <datafield tag="040" ind1=" " ind2=" ">
    <subfield code="a">DLC</subfield>
    <subfield code="b">DLC</subfield>
  </datafield>
  <datafield tag="082" ind1="0" ind2="0">
    <subfield code="a">530</subfield>
  </datafield>
  <datafield tag="100" ind1="1" ind2=" ">
    <subfield code="a">Serway, Raymond A.</subfield>
  </datafield>
  <datafield tag="245" ind1="1" ind2="0">
    <subfield code="a">Physics for scientists and engineers</subfield>
    <subfield code="c">Raymond A. Serway, John W. Jewett, Jr.</subfield>
  </datafield>
  <datafield tag="250" ind1=" " ind2=" ">
    <subfield code="a">6th ed.</subfield>
  </datafield>
  <datafield tag="260" ind1=" " ind2=" ">
    <subfield code="a">Belmont, CA :</subfield>
    <subfield code="b">Thomson-Brooks/Cole,</subfield>
    <subfield code="c">c2004.</subfield>
  </datafield>
  <datafield tag="300" ind1=" " ind2=" ">
    <subfield code="a">1 v. (various pagings) :</subfield>
    <subfield code="b">ill. (some col.) ;</subfield>
    <subfield code="c">29 cm.</subfield>
  </datafield>
  <datafield tag="500" ind1=" " ind2=" ">
    <subfield code="a">Includes index.</subfield>
  </datafield>
  <datafield tag="650" ind1=" " ind2="0">
    <subfield code="a">Physics.</subfield>
  </datafield>
  <datafield tag="700" ind1="1" ind2=" ">
    <subfield code="a">Jewett, John W.</subfield>
  </datafield>
  <datafield tag="942" ind1=" " ind2=" ">
    <subfield code="c">BK</subfield>
    <subfield code="k">530 SER</subfield>
    <subfield code="2">ddc</subfield>
  </datafield>
  <datafield tag="999" ind1=" " ind2=" ">
    <subfield code="c">4476</subfield>
    <subfield code="d">4476</subfield>
  </datafield>
  <datafield tag="952" ind1=" " ind2=" ">
    <subfield code="0">0</subfield>
    <subfield code="1">0</subfield>
    <subfield code="4">0</subfield>
    <subfield code="7">0</subfield>
    <subfield code="8">NFIC</subfield>
    <subfield code="a">CL</subfield>
    <subfield code="b">CL</subfield>
    <subfield code="c">GEN</subfield>
    <subfield code="d">2005-03-10</subfield>
    <subfield code="e">Allied Book Company</subfield>
    <subfield code="g">2946.43</subfield>
    <subfield code="l">19</subfield>
    <subfield code="m">16</subfield>
    <subfield code="o">530 SER</subfield>
    <subfield code="p">SEECS005394</subfield>
    <subfield code="r">2026-02-02</subfield>
    <subfield code="s">2025-09-12</subfield>
    <subfield code="w">2017-01-05</subfield>
    <subfield code="y">BK</subfield>
  </datafield>
  <datafield tag="952" ind1=" " ind2=" ">
    <subfield code="0">0</subfield>
    <subfield code="1">0</subfield>
    <subfield code="4">0</subfield>
    <subfield code="7">0</subfield>
    <subfield code="8">NFIC</subfield>
    <subfield code="a">CL</subfield>
    <subfield code="b">CL</subfield>
    <subfield code="c">GEN</subfield>
    <subfield code="d">2009-10-16</subfield>
    <subfield code="e">Star Books</subfield>
    <subfield code="g">11137.98</subfield>
    <subfield code="l">19</subfield>
    <subfield code="m">24</subfield>
    <subfield code="o">530 SER</subfield>
    <subfield code="p">SEECS009772</subfield>
    <subfield code="q">2026-06-03</subfield>
    <subfield code="r">2025-12-27</subfield>
    <subfield code="s">2025-09-05</subfield>
    <subfield code="w">2017-01-05</subfield>
    <subfield code="y">BK</subfield>
  </datafield>
  <datafield tag="952" ind1=" " ind2=" ">
    <subfield code="0">0</subfield>
    <subfield code="1">0</subfield>
    <subfield code="4">0</subfield>
    <subfield code="7">0</subfield>
    <subfield code="8">NFIC</subfield>
    <subfield code="a">CL</subfield>
    <subfield code="b">CL</subfield>
    <subfield code="c">GEN</subfield>
    <subfield code="d">2009-10-16</subfield>
    <subfield code="e">Star Books</subfield>
    <subfield code="g">11137.98</subfield>
    <subfield code="l">20</subfield>
    <subfield code="m">11</subfield>
    <subfield code="o">530 SER</subfield>
    <subfield code="p">SEECS009771</subfield>
    <subfield code="q">2026-01-06</subfield>
    <subfield code="r">2025-09-10</subfield>
    <subfield code="s">2025-09-10</subfield>
    <subfield code="w">2017-01-05</subfield>
    <subfield code="y">BK</subfield>
  </datafield>
  <datafield tag="952" ind1=" " ind2=" ">
    <subfield code="0">0</subfield>
    <subfield code="1">0</subfield>
    <subfield code="4">0</subfield>
    <subfield code="7">0</subfield>
    <subfield code="8">NFIC</subfield>
    <subfield code="a">CL</subfield>
    <subfield code="b">CL</subfield>
    <subfield code="c">GEN</subfield>
    <subfield code="d">2010-11-04</subfield>
    <subfield code="e">Progressive International Agencies</subfield>
    <subfield code="g">7427.31</subfield>
    <subfield code="l">25</subfield>
    <subfield code="m">16</subfield>
    <subfield code="o">530 SER</subfield>
    <subfield code="p">SEECS010366</subfield>
    <subfield code="r">2026-03-13</subfield>
    <subfield code="s">2025-11-01</subfield>
    <subfield code="w">2017-01-05</subfield>
    <subfield code="y">BK</subfield>
  </datafield>
  <datafield tag="952" ind1=" " ind2=" ">
    <subfield code="0">0</subfield>
    <subfield code="1">0</subfield>
    <subfield code="4">0</subfield>
    <subfield code="7">0</subfield>
    <subfield code="8">NFIC</subfield>
    <subfield code="a">CL</subfield>
    <subfield code="b">CL</subfield>
    <subfield code="c">GEN</subfield>
    <subfield code="d">2010-11-04</subfield>
    <subfield code="e">Progressive International Agencies</subfield>
    <subfield code="g">7427.31</subfield>
    <subfield code="l">19</subfield>
    <subfield code="m">12</subfield>
    <subfield code="o">530 SER</subfield>
    <subfield code="p">SEECS010365</subfield>
    <subfield code="r">2025-11-19</subfield>
    <subfield code="s">2025-11-01</subfield>
    <subfield code="w">2017-01-05</subfield>
    <subfield code="y">BK</subfield>
  </datafield>
  <datafield tag="952" ind1=" " ind2=" ">
    <subfield code="0">0</subfield>
    <subfield code="1">0</subfield>
    <subfield code="4">0</subfield>
    <subfield code="7">0</subfield>
    <subfield code="8">NFIC</subfield>
    <subfield code="a">CL</subfield>
    <subfield code="b">CL</subfield>
    <subfield code="c">GEN</subfield>
    <subfield code="d">2010-11-04</subfield>
    <subfield code="e">Progressive International Agencies</subfield>
    <subfield code="g">7427.31</subfield>
    <subfield code="l">16</subfield>
    <subfield code="m">16</subfield>
    <subfield code="o">530 SER</subfield>
    <subfield code="p">SEECS010369</subfield>
    <subfield code="r">2025-11-01</subfield>
    <subfield code="s">2025-09-16</subfield>
    <subfield code="w">2017-01-05</subfield>
    <subfield code="y">BK</subfield>
  </datafield>
  <datafield tag="952" ind1=" " ind2=" ">
    <subfield code="0">0</subfield>
    <subfield code="1">0</subfield>
    <subfield code="4">0</subfield>
    <subfield code="7">0</subfield>
    <subfield code="8">NFIC</subfield>
    <subfield code="a">CL</subfield>
    <subfield code="b">CL</subfield>
    <subfield code="c">GEN</subfield>
    <subfield code="d">2010-11-04</subfield>
    <subfield code="e">Progressive International Agencies</subfield>
    <subfield code="g">7427.31</subfield>
    <subfield code="l">12</subfield>
    <subfield code="m">11</subfield>
    <subfield code="o">530 SER</subfield>
    <subfield code="p">SEECS010367</subfield>
    <subfield code="r">2026-03-14</subfield>
    <subfield code="s">2025-09-12</subfield>
    <subfield code="w">2017-01-05</subfield>
    <subfield code="y">BK</subfield>
  </datafield>
  <datafield tag="952" ind1=" " ind2=" ">
    <subfield code="0">0</subfield>
    <subfield code="1">0</subfield>
    <subfield code="4">0</subfield>
    <subfield code="7">0</subfield>
    <subfield code="8">NFIC</subfield>
    <subfield code="a">CL</subfield>
    <subfield code="b">CL</subfield>
    <subfield code="c">GEN</subfield>
    <subfield code="d">2010-11-04</subfield>
    <subfield code="e">Progressive International Agencies</subfield>
    <subfield code="g">7427.31</subfield>
    <subfield code="l">23</subfield>
    <subfield code="m">9</subfield>
    <subfield code="o">530 SER</subfield>
    <subfield code="p">SEECS010364</subfield>
    <subfield code="q">2025-12-05</subfield>
    <subfield code="r">2025-09-08</subfield>
    <subfield code="s">2025-09-08</subfield>
    <subfield code="w">2017-01-05</subfield>
    <subfield code="y">BK</subfield>
  </datafield>
  <datafield tag="952" ind1=" " ind2=" ">
    <subfield code="0">0</subfield>
    <subfield code="1">0</subfield>
    <subfield code="4">0</subfield>
    <subfield code="7">0</subfield>
    <subfield code="8">NFIC</subfield>
    <subfield code="a">CL</subfield>
    <subfield code="b">CL</subfield>
    <subfield code="c">GEN</subfield>
    <subfield code="d">2010-11-04</subfield>
    <subfield code="e">Progressive International Agencies</subfield>
    <subfield code="g">7427.31</subfield>
    <subfield code="l">12</subfield>
    <subfield code="m">17</subfield>
    <subfield code="o">530 SER</subfield>
    <subfield code="p">SEECS010363</subfield>
    <subfield code="r">2026-03-16</subfield>
    <subfield code="s">2025-11-13</subfield>
    <subfield code="w">2017-01-05</subfield>
    <subfield code="y">BK</subfield>
  </datafield>
  <datafield tag="952" ind1=" " ind2=" ">
    <subfield code="0">0</subfield>
    <subfield code="1">0</subfield>
    <subfield code="4">0</subfield>
    <subfield code="7">0</subfield>
    <subfield code="8">NFIC</subfield>
    <subfield code="a">CL</subfield>
    <subfield code="b">CL</subfield>
    <subfield code="c">GEN</subfield>
    <subfield code="d">2010-11-04</subfield>
    <subfield code="e">Progressive International Agencies</subfield>
    <subfield code="g">7427.31</subfield>
    <subfield code="l">22</subfield>
    <subfield code="m">15</subfield>
    <subfield code="o">530 SER</subfield>
    <subfield code="p">SEECS010362</subfield>
    <subfield code="r">2026-02-25</subfield>
    <subfield code="s">2024-12-24</subfield>
    <subfield code="w">2017-01-05</subfield>
    <subfield code="y">BK</subfield>
  </datafield>
  <datafield tag="952" ind1=" " ind2=" ">
    <subfield code="0">0</subfield>
    <subfield code="1">0</subfield>
    <subfield code="4">0</subfield>
    <subfield code="7">0</subfield>
    <subfield code="8">NFIC</subfield>
    <subfield code="a">CL</subfield>
    <subfield code="b">CL</subfield>
    <subfield code="c">GEN</subfield>
    <subfield code="d">2010-11-04</subfield>
    <subfield code="e">Progressive International Agencies</subfield>
    <subfield code="g">7427.31</subfield>
    <subfield code="l">12</subfield>
    <subfield code="m">2</subfield>
    <subfield code="o">530 SER</subfield>
    <subfield code="p">SEECS010361</subfield>
    <subfield code="q">2024-11-01</subfield>
    <subfield code="r">2024-07-04</subfield>
    <subfield code="s">2024-07-04</subfield>
    <subfield code="w">2017-01-05</subfield>
    <subfield code="y">BK</subfield>
  </datafield>
  <datafield tag="952" ind1=" " ind2=" ">
    <subfield code="0">0</subfield>
    <subfield code="1">0</subfield>
    <subfield code="4">0</subfield>
    <subfield code="7">0</subfield>
    <subfield code="8">NFIC</subfield>
    <subfield code="a">CL</subfield>
    <subfield code="b">CL</subfield>
    <subfield code="c">GEN</subfield>
    <subfield code="d">2010-11-04</subfield>
    <subfield code="e">Progressive International Agencies</subfield>
    <subfield code="g">7427.31</subfield>
    <subfield code="l">11</subfield>
    <subfield code="m">11</subfield>
    <subfield code="o">530 SER</subfield>
    <subfield code="p">SEECS010360</subfield>
    <subfield code="q">2024-02-10</subfield>
    <subfield code="r">2023-10-31</subfield>
    <subfield code="s">2023-10-31</subfield>
    <subfield code="w">2017-01-05</subfield>
    <subfield code="y">BK</subfield>
  </datafield>
</record>
